000 00628nam a2200229 a 4500
001 nice12345678
003 IN_TiNIC
005 20260116012448.0
008 050524s1982 dela grp 000 0 eng
020 _a
_c85
082 0 0 _a954.0258
_bHUS
100 _aHusain, S M Azizuddin
245 _aKalimat-I-Taiyibat
_b Collection of Aurangzeb`s Orders
260 _aDelhi
_bIdara-I-Adabiyat-I-Dilli
_c1982
300 _a250p,48p
500 _aincludes index and biblioraphy
505 2 _achain .of.Reference System for Bible Study
650 _aMughal India-Aurangzeb
902 _bSRS
942 _cBK
999 _c7119
_d7119